000 00256nmm a2200097Ia 4500
008 220120s9999||||xx |||||||||||||||||und||
082 _a00 4 MUE
100 _aMueller, John Paul
245 0 _aWindows 2000, com+MTS and MSMQ programming bible
260 _c2000
999 _c138819
_d138819